000 02829nam0a2200445 4500
001 RU\NLR\BIBL_A\011539754
005 20250630155406.0
020 _aRU
_b9966
_9Сводный каталог листовок первых лет Советской власти (25 октября (7 ноября) 1917 - 1925) Т.4 (Ч.2). Листовки советских, партийных, профсоюзных, комсомольских и других организаций губерний РСФСР
035 _a(NLR Aleph) 011539754
090 _a12188856
_c12188856
100 _a20171127d1917 |||y0rusy50 ca
101 0 _arus
102 _aRU
105 _ay z 000zy
135 _acrgn 008apada
200 1 _aРезолюция по текущему моменту 3-го Псковского губернского съезда крестьянских депутатов, вынесенная на заседании 29 ноября
_e[листовка
_fПсковский губ. съезд Советов (3; 1917)]
210 _aПсков
_cтип. Губ. земства
_d[1917, нояб.]
215 _a1 с.
_d28х16
300 _aПодписи: председатель Съезда Н. Петров; секретари Николаев, Дмитриев и др.
325 1 _aКопия доступна в Электронной библиотеке РНБ
607 _aРСФСР
_jЛистовки
_xПолитика и управление
_y1917 - 1925
_92312782
_3RU\NLR\auth\6601609564
686 0 _aТ3(2)71-313,011
686 0 _aТ2(2Р-4Пс)712-31,011
702 1 _4720
_aПетров
_bН. А.
_cполит. деятель, Псковская губерния
_9165521
_3RU\NLR\AUTH\770165567
702 1 _4720
_aНиколаев
_cучастник местного управления, Псковская губерния
_9194769
_3RU\NLR\AUTH\770194820
702 1 _4720
_aДмитриев
_cучастник местного управления, Псковская губерния
_9194774
_3RU\NLR\AUTH\770194825
711 0 2 _aПсковский губернский съезд Советов
_c3
_9608075
_3RU\NLR\AUTH\880473232
852 0 0 _aNLR
_bФЛ
_j47/25
856 0 _uhttp://vivaldi.nlr.ru/ll000075861/view
856 1 _uhttp://vivaldi.nlr.ru/ll000075861/cover
856 2 _uhttp://vivaldi.nlr.ru/ll000075861/text
942 _cBOOK
980 _aNB
981 2 1 _a(21) Листовки
_b(21) Листовки 1917 года
981 2 2 _a(22) Материалы по истории России
_b(22) История России с 25 октября (7 ноября) 1917 года